000
00238nam a2200097Ia 4500
001
1158565
005
20250827011304.0
008
250824s9999 xx 000 0 und d
245
0
_a
TEKNOLOJİ FELFESESİ
_c
MUSTAFA BAYRAK
260
_b
KETEBE
999
_c
1158565
_d
1158565